| 000 | 00754cam a2200217 i 4500 | ||
|---|---|---|---|
| 001 | 41137 | ||
| 003 | Mx-PuUPA | ||
| 005 | 20251023102229.0 | ||
| 008 | 140415s1998 xxu gr 000 0 spa d | ||
| 020 | _a0816518335 | ||
| 040 | _cMx-PuUPA | ||
| 041 | 0 | _aspa | |
| 082 | 0 | 4 |
_axx _bxx _223 |
| 245 | 1 |
_aCulture across borders : _bmexican immigration & popular culture / _cedited by. David R. Maiel and María Herrera-Sobek |
|
| 264 | 1 |
_aUnited States of America : _bThe University of Arizona Press, _c©1998 |
|
| 300 |
_a268 páginas : _bilustraciones ; _c24 cm |
||
| 700 | 1 |
_aMaciel, David R. _eeditor |
|
| 700 | 1 |
_aHerrera-Sobek, María, _eeditor |
|
| 942 |
_2ddc _cLI _hxx _ixx |
||
| 999 |
_c41137 _d41137 |
||